000 00474pab a2200181 454500
008 180718b2011 xxu||||| |||| 00| 0 eng d
100 _aBeetsma, Roel
245 _aThe effects of government purchases shocks: Review and estimates for the EU
260 _c2011
300 _ap.F4-F32.
362 _aFeb
650 _aEuropean union
650 _aGovernment purchasing
700 _aGiuliodori, Massimo
773 _aEconomic Journal
908 _aN
909 _a91629
999 _c91629
_d91629